<?xml version="1.0" encoding="UTF-8"?>
<record
    xmlns:xsi="http://www.w3.org/2001/XMLSchema-instance"
    xsi:schemaLocation="http://www.loc.gov/MARC21/slim http://www.loc.gov/standards/marcxml/schema/MARC21slim.xsd"
    xmlns="http://www.loc.gov/MARC21/slim">

  <leader>00751nam a22001577a 4500</leader>
  <controlfield tag="003">OSt</controlfield>
  <controlfield tag="005">20190311153613.0</controlfield>
  <controlfield tag="008">190311b        xxu||||| |||| 00| 0 eng d</controlfield>
  <datafield tag="040" ind1=" " ind2=" ">
    <subfield code="c">RUA</subfield>
  </datafield>
  <datafield tag="082" ind1=" " ind2=" ">
    <subfield code="a">AGR CHE 2007 B1.222 Or.1</subfield>
  </datafield>
  <datafield tag="100" ind1=" " ind2=" ">
    <subfield code="9">13496</subfield>
    <subfield code="a">CHEA SOPHEAK,&#x1787;&#x17B6;&#x200B;&#x179F;&#x17BB;&#x1797;&#x17D0;&#x1780;&#x17D2;&#x179A;&#x17D2;&#x178F;</subfield>
  </datafield>
  <datafield tag="245" ind1=" " ind2=" ">
    <subfield code="a">effect of organic pesticide on vegetabl of sampling farmer in svayreang agricultural department,&#x1794;&#x17D2;&#x179A;&#x179F;&#x17B7;&#x1791;&#x17D2;&#x1792;&#x1797;&#x17B6;&#x1796;&#x1790;&#x17D2;&#x1793;&#x17B6;&#x17C6;&#x1795;&#x17D2;&#x179F;&#x17C6;&#x1796;&#x17B8;&#x179A;&#x17B7;&#x1780;&#x17D2;&#x1781;&#x1787;&#x17B6;&#x178F;&#x17B7;&#x179B;&#x17BE;&#x178A;&#x17C6;&#x178E;&#x17B6;&#x17C6;&#x1794;&#x1793;&#x17D2;&#x179B;&#x17C2;&#x1793;&#x17C2;&#x1780;&#x17D2;&#x179A;&#x17BB;&#x1798;&#x1782;&#x17C4;&#x179B;&#x178A;&#x17C5;&#x179A;&#x1794;&#x179F;&#x17CB;&#x1798;&#x1793;&#x17D2;&#x1791;&#x17B8;&#x1780;&#x179F;&#x17B7;&#x1780;&#x1798;&#x17D2;&#x1798;&#x1781;&#x17C1;&#x178F;&#x17D2;&#x178F;&#x179F;&#x17D2;&#x179C;&#x17B6;&#x1799;&#x179A;&#x17C0;&#x1784;</subfield>
  </datafield>
  <datafield tag="260" ind1=" " ind2=" ">
    <subfield code="a">phnom phen</subfield>
    <subfield code="b">rua</subfield>
    <subfield code="c">2007</subfield>
  </datafield>
  <datafield tag="300" ind1=" " ind2=" ">
    <subfield code="a">x;45p;</subfield>
    <subfield code="b">ill;</subfield>
    <subfield code="c">29cm;</subfield>
  </datafield>
  <datafield tag="942" ind1=" " ind2=" ">
    <subfield code="2">ddc</subfield>
    <subfield code="c">AGR</subfield>
  </datafield>
  <datafield tag="999" ind1=" " ind2=" ">
    <subfield code="c">17834</subfield>
    <subfield code="d">17834</subfield>
  </datafield>
  <datafield tag="952" ind1=" " ind2=" ">
    <subfield code="0">0</subfield>
    <subfield code="1">0</subfield>
    <subfield code="2">ddc</subfield>
    <subfield code="4">0</subfield>
    <subfield code="6">AGR_CHE_2007_000000000000000_B1_222_OR_1</subfield>
    <subfield code="7">0</subfield>
    <subfield code="9">78369</subfield>
    <subfield code="a">LBB</subfield>
    <subfield code="b">LBB</subfield>
    <subfield code="c">B1.222</subfield>
    <subfield code="d">2019-03-11</subfield>
    <subfield code="o">AGR CHE 2007 B1.222 Or.1</subfield>
    <subfield code="p">A41482</subfield>
    <subfield code="r">2019-03-11</subfield>
    <subfield code="w">2019-03-11</subfield>
    <subfield code="y">AGR</subfield>
  </datafield>
  <datafield tag="952" ind1=" " ind2=" ">
    <subfield code="0">0</subfield>
    <subfield code="1">0</subfield>
    <subfield code="2">ddc</subfield>
    <subfield code="4">0</subfield>
    <subfield code="6">AGR_CHE_2007_000000000000000_B1_222_OR_2</subfield>
    <subfield code="7">0</subfield>
    <subfield code="9">78370</subfield>
    <subfield code="a">LBB</subfield>
    <subfield code="b">LBB</subfield>
    <subfield code="c">B1.222</subfield>
    <subfield code="d">2019-03-11</subfield>
    <subfield code="o">AGR CHE 2007 B1.222 Or.2</subfield>
    <subfield code="p">A41298</subfield>
    <subfield code="r">2019-03-11</subfield>
    <subfield code="w">2019-03-11</subfield>
    <subfield code="y">AGR</subfield>
  </datafield>
</record>
